|
|
|
|
| LEADER |
00000nab a2200000 a 4500 |
| 001 |
vtls000657170 |
| 003 |
SK-MaSNL |
| 005 |
20260304084346.0 |
| 008 |
250425c1998 xo 0 slo |
| 015 |
|
|
|a SNBRA1998/03-08106
|
| 035 |
|
|
|a CLN000009362
|
| 035 |
|
|
|a urn:nbn:sk:snk-ab1g92
|
| 035 |
|
|
|a (urnnbn)urn:nbn:sk:snk:ar-003dbn
|
| 035 |
|
|
|a (uuid)ff24cd83-3981-4e75-8a12-f4a2bfead092
|
| 040 |
|
|
|a SNKBUCL
|b slo
|c SNKBUCL
|e AACR2
|
| 041 |
0 |
|
|a hun
|
| 044 |
|
|
|a xo
|c SK
|
| 080 |
|
|
|a 894.511 (497.1)-3=945.11
|2 1997
|
| 100 |
1 |
|
|a Juhász, Erzsébet
|4 aut
|9 1307440
|
| 245 |
1 |
0 |
|a Fogolyvár, nicht wahr?
|c Juhász Erzsébet
|
| 650 |
0 |
7 |
|a psychologické poviedky, maďarské
|2 snkbucl
|9 71096
|
| 655 |
|
7 |
|a články z novín a časopisov
|2 snkbucl
|9 267496
|
| 773 |
0 |
|
|t Kalligram
|g Č. 3 (1998), s. 79-87
|x 1335-1826
|
| 850 |
|
|
|a Slovenská národná knižnica
|
| 852 |
|
|
|a Slovenská národná knižnica
|
| 958 |
|
|
|a article27
|
| 958 |
|
|
|a OND
|
| 958 |
|
|
|a HU
|
| 958 |
|
|
|a LX
|
| 958 |
|
|
|a YU
|
| 992 |
|
|
|a RBX
|
| 999 |
|
|
|c 2803085
|d 2805015
|